000 00658nam a2200241Ia 4500
005 20211005115647.0
008 131103s9999 xx 000 0 und d
020 _a8121209145
_cRs 360
040 _aLoreto College
041 _aEnglish
082 _a320.01(I)
_bGAN-KUM
100 _aKumar, Ravindra
245 _aGandhian thoughts
_b An overview
_cDr. Ravindra Kumar
260 _aNew Delhi
_bGyan Publishing House
_c2006
300 _a136p
504 _aIncludes index
630 _aGandhian Thought
630 _aGandhism
650 _aPolitical Thought, Indian
651 _aGandhi, Mohandas Karamchand
850 _aLCLIB
942 _cBK
999 _c12848
_d63327